| 000 | 00562nam a22001937a 4500 | ||
|---|---|---|---|
| 005 | 20260415153551.0 | ||
| 020 | _a978-1-56881-220-5 | ||
| 041 | _aeng | ||
| 082 |
_223rd. _a516.1 _bCON |
||
| 100 | _aConway, John Horton | ||
| 245 |
_aSymmetries of things _cJohn H. Conway, Heidi Burgeil and Chaim Goodman-Strauss |
||
| 260 |
_aCRC Press _bBoca Raton _c2008 |
||
| 300 |
_axviii,426p.:ill.; _c24cm. |
||
| 650 | _aSymmetry (Mathematics) | ||
| 700 | _aBurgeil, Heidi | ||
| 700 | _aGoodman-Strauss, Chaim | ||
| 856 | _uwww.taylorandancisgroup.com | ||
| 942 | _cBK | ||
| 999 |
_c184622 _d184621 |
||